Možnosti modelovania typických prvkov výrobného systému

Gespeichert in:
Bibliographische Detailangaben
1. Verfasser: Kostelanský, Juraj (Verfasst von)
Weitere Verfasser: Babinec, Andrej (Betreuung Doktorarbeit)
Format: Manuskript Buch
Sprache:Slowakisch
Veröffentlicht: Bratislava : STU v Bratislave FEI, 2023
Schlagworte:
Online-Zugang:https://opac.crzp.sk/?fn=detailBiblioFormChildU8I85&sid=08878EB2E7E37CD0999074C0752B&seo=CRZP-detail-kniha
Tags: Tag hinzufügen
Keine Tags, Fügen Sie das erste Tag hinzu!

MARC

LEADER 00000ntm a22000003a 4500
001 stuzp91994
003 SK-STU
005 20241121095830.8
007 ta
008 150427s2015----xo-----f-mn---000-0-slo-d
040 |a STU  |b slo 
041 0 |a slo 
044 |a xo 
100 1 |a Kostelanský, Juraj  |u 031000  |4 aut  |U FEI Fakulta elektrotechniky a informatiky  |T FEI Ústav robotiky a kybernetiky  |X 104255  |U E011  |Y 356  |7 104255 
242 0 1 |a Possibilities of Modeling Typical Elements of the Production System  |y eng 
245 1 0 |a Možnosti modelovania typických prvkov výrobného systému 
260 |a Bratislava :  |b STU v Bratislave FEI,  |c 2023 
300 |a 50 s. 
650 4 |a sklady  |2 slo 
650 4 |a Tecnomatix Plant Simulation  |2 slo 
650 4 |a dopravné systémy  |2 slo 
650 4 |a roboty  |2 slo 
650 4 |a warehouses  |2 eng 
650 4 |a transport systems  |2 eng 
650 4 |a robots  |2 eng 
650 4 |a Tecnomatix Plant Simulation  |2 eng 
700 1 |a Babinec, Andrej  |u 031000  |k Z1  |4 ths  |U FEI Fakulta elektrotechniky a informatiky  |T FEI Ústav robotiky a kybernetiky  |X 11598  |U E011  |Y 356  |7 A000011598 
856 4 |u https://opac.crzp.sk/?fn=detailBiblioFormChildU8I85&sid=08878EB2E7E37CD0999074C0752B&seo=CRZP-detail-kniha